<?xml version="1.0" encoding="UTF-8"?><?xml-stylesheet type="text/xsl" href="static/style.xsl"?><OAI-PMH xmlns="http://www.openarchives.org/OAI/2.0/" xmlns:xsi="http://www.w3.org/2001/XMLSchema-instance" xsi:schemaLocation="http://www.openarchives.org/OAI/2.0/ http://www.openarchives.org/OAI/2.0/OAI-PMH.xsd"><responseDate>2026-04-17T21:14:11Z</responseDate><request verb="GetRecord" identifier="oai:www.recercat.cat:2072/485369" metadataPrefix="marc">https://recercat.cat/oai/request</request><GetRecord><record><header><identifier>oai:recercat.cat:2072/485369</identifier><datestamp>2025-08-31T18:20:00Z</datestamp><setSpec>com_2072_98</setSpec><setSpec>col_2072_378192</setSpec></header><metadata><record xmlns="http://www.loc.gov/MARC21/slim" xmlns:dcterms="http://purl.org/dc/terms/" xmlns:xsi="http://www.w3.org/2001/XMLSchema-instance" xmlns:doc="http://www.lyncode.com/xoai" xsi:schemaLocation="http://www.loc.gov/MARC21/slim http://www.loc.gov/standards/marcxml/schema/MARC21slim.xsd">
   <leader>00925njm 22002777a 4500</leader>
   <datafield ind2=" " ind1=" " tag="042">
      <subfield code="a">dc</subfield>
   </datafield>
   <datafield ind2=" " ind1=" " tag="720">
      <subfield code="a">González Rodríguez, Alejandro</subfield>
      <subfield code="e">author</subfield>
   </datafield>
   <datafield ind2=" " ind1=" " tag="720">
      <subfield code="a">Fachelli, Sandra</subfield>
      <subfield code="e">author</subfield>
   </datafield>
   <datafield ind2=" " ind1=" " tag="720">
      <subfield code="a">Povedano Díaz, Amapola</subfield>
      <subfield code="e">author</subfield>
   </datafield>
   <datafield ind2=" " ind1=" " tag="260">
      <subfield code="c">2025</subfield>
   </datafield>
   <datafield ind2=" " ind1=" " tag="520">
      <subfield code="a">Production of INCASI2 Project Marie Skłodowska-Curie Actions (MSCA), Staff Exchange (GA101130456)</subfield>
   </datafield>
   <datafield ind2=" " ind1=" " tag="520">
      <subfield code="a">Este estudio analiza los patrones de inserción laboral de los egresados universitarios en la Comunidad Autónoma de Andalucía, partiendo de la hipótesis de que dicha inserción es un fenómeno heterogéneo estructurado en segmentos diferenciados según perfiles de los titulados. Esta segmentación se expresa en distintos niveles de calidad del empleo y está mediada por variables como el sexo, la rama de estudios y la adecuación entre la formación recibida y la ocupación desempeñada. El análisis se enmarca en la teoría de la Segmentación del Mercado de Trabajo y se vincula al debate sobre la articulación entre sistemas educativos y estructuras productivas. Utilizando registros administrativos del Instituto de Estadística y Cartografía de Andalucía (IECA), se examinan los datos de 17.697 egresados de universidades públicas andaluzas ocupados en 2022, pertenecientes a la cohorte 2017/18. Los resultados identifican tres segmentos laborales con distintos niveles de adecuación formativo-laboral y condiciones contractuales, confirmando la existencia de una inserción laboral diversa. A pesar de esta segmentación, una proporción significativa de egresados presenta una inserción favorable apenas cuatro años después de la graduación, lo que sugiere que la educación superior pública andaluza ofrece trayectorias de inserción laboral relativamente exitosas en el corto plazo.</subfield>
   </datafield>
   <datafield ind1="8" ind2=" " tag="024">
      <subfield code="a">http://hdl.handle.net/2072/485369</subfield>
   </datafield>
   <datafield tag="653" ind2=" " ind1=" ">
      <subfield code="a">Inserción laboral</subfield>
   </datafield>
   <datafield tag="653" ind2=" " ind1=" ">
      <subfield code="a">Egreso</subfield>
   </datafield>
   <datafield tag="653" ind2=" " ind1=" ">
      <subfield code="a">Estudios superiores</subfield>
   </datafield>
   <datafield tag="653" ind2=" " ind1=" ">
      <subfield code="a">Universidad</subfield>
   </datafield>
   <datafield ind2="0" ind1="0" tag="245">
      <subfield code="a">La inserción laboral de las personas egresadas universitarias andaluzas. ¿Una realidad segmentada?</subfield>
   </datafield>
</record></metadata></record></GetRecord></OAI-PMH>